000 00325nam a22001337a 4500
008 170525b xxu||||| |||| 00| 0 eng d
020 _a0070226253
041 _aeng
080 _a007.52
100 _a26
101 _aIM
245 _aROBOTICS CONTROL SENSING VISIOM AND INTELLIGENCE
_cGONZALES.R.C
942 _2udc
_cBK
999 _c14282
_d14282